000 01091nam a22002777a 4500
001 5359
003 FISKH
005 20250507115235.0
008 241128b cb ||||| |||| 00| 0 eng d
020 _a9780746060506
040 _aFISKH
_beng
_cFISKH
_dFISKH
082 _a823.92
100 _aAmery, Heather
245 _aScarecrow's secret /
_cHeather Amery Illustrated by Stephen Cartwright Language consultant: Betty Root Series editor: Jenny Tyler
250 _aThis edition first published in 2004
260 _aLondon :
_bUsborne,
_c2004.
300 _a15 pages :
_bColor illustrations ;
_c21 cm
505 _aJ
520 _a-- Each page has two reading levels, one for beginners and one for more advanced readers-- Beginners can use the first reading level to achieve the satisfaction of reading the whole book by themselves-- Stephen Cartwright's illustrations give clues to the words and their meanings
521 8 _a450L
_bLexile
521 8 _aJ
_bRaz-Plus
650 _2Scarecrows
_aSeasons
650 _2Autumn
_aFriends
942 _2ddc
_cBK
_n0
999 _c5359
_d5359